000 00193 a2200097 4500
020 _a090129839438
041 _aspa
100 _aJim Henson
245 _aUna visita a la biblioteca
942 _cBK
999 _c28737
_d28737